[Event "Texas Collegiate chT 2017"]
[Site "Brownsville"]
[Date "2017.10.21"]
[Round "1"]
[White "Vazquez, Guillermo"]
[Black "Baryshpolets, Andrey"]
[Result "0-1"]
[WhiteElo "2430"]
[BlackElo "2580"]
[Annotator "TA"]
[PlyCount "122"]
[EventDate "2017.??.??"]
[EventType "team-tourn"]
[EventCountry "USA"]
[SourceTitle "playchess.com"]
[Source "ChessBase"]
[SourceQuality "1"]

{[%evp 14,122,22,0,6,0,0,-10,0,-16,-18,-30,16,-63,-65,-97,-100,-100,-87,-114,-106,-105,-100,-158,-158,-159,-139,-152,-155,-174,-149,-158,-150,-138,-140,-201,-202,-228,-226,-206,-210,-202,-199,-185,-168,-214,-210,-225,-224,-254,-242,-533,-268,-295,-290,-273,-226,-254,-251,-249,-245,-268,-225,-615,-302,-379,-360,-497,-489,-481,-468,-456,-389,-385,-195,-318,-252,-5509,-705,-673,-679,-635,0,-100,0,-645,-645,-645,-639,-598,0,-25,-32,-171,0,0,25,0,0,0,8,-29985,-29986,-29997,-784,-29987,-29988,-29997,-29998,-29998,-29999]} 1. d4 d5 2. c4 e6 3. Nc3 c6 4. e4 dxe4 5. Nxe4 Bb4+ 6. Nc3 c5 7. Nf3 Nf6 {D31: Queen's Gambit Declined: Semi-Slav without ...Nf6 (+ Marshall Gambit and Noteboom) and Exchange Variation lines without ...Nf6} 8. Be3 {LiveBook: 6 Games} (8. Be2 Nc6 9. Be3 Ne4 10. Rc1 cxd4 11. Nxd4 Nxc3 12. bxc3 Be7 13. Nxc6 bxc6 14. Qxd8+ Kxd8 15. Rd1+ {½-½ (25) Zvjaginsev,V (2688)-Sjugirov,S (2622) Moscow 2012}) 8... Qa5 9. Qb3 $146 ({Predecessor:} 9. Qc2 Nc6 10. Bd3 cxd4 11. Nxd4 Ng4 12. Nxc6 Nxe3 13. fxe3 bxc6 14. O-O Bxc3 15. bxc3 {0-1 (25) Saaresmaki,A-Nei,I (2415) Jyvaskyla 1991}) 9... Ne4 {[%cal Re4c3] The position is equal.} 10. Rc1 O-O 11. Be2 cxd4 12. Nxd4 e5 13. Nf3 (13. Ndb5 $11) 13... Nd7 $36 {[%mdl 2048] White is under pressure.} 14. a3 Bxc3+ $1 15. bxc3 Qc7 16. Qb4 Nec5 17. O-O b6 18. Nh4 (18. Ne1 $142) 18... f5 $17 19. f4 Bb7 20. Rcd1 Rae8 21. Qb1 exf4 22. Bxf4 Qd8 23. Bf3 Be4 ({Much worse is} 23... Qxh4 $6 24. Bxb7 Nxb7 25. Rxd7 $11) 24. Bxe4 (24. Qc1 $17) 24... Rxe4 $19 ({Resist} 24... Nxe4 25. c5 $17) 25. Bg3 Rxh4 26. Bxh4 Qxh4 27. Rxf5 Qxc4 28. Rxf8+ Nxf8 29. Qb4 Qe2 30. Rf1 Nfe6 {And now ...Ne4 would win.} 31. h3 h6 {Strongly threatening ...Ne4.} 32. Rf3 $2 (32. Rf5) 32... Ng5 33. Rf1 Nge4 34. Qd4 {intending Qd5+.} Ne6 35. Qe5 Qe3+ 36. Kh2 Nd2 37. Qb8+ ({Wrong is} 37. Rf8+ $2 Kxf8 38. Qxe3 Nf1+ 39. Kg1 Nxe3 $19) 37... Kh7 38. Rf5 $2 (38. Rf7) 38... Qxc3 (38... Kg6 $142 39. Rd5 Nf3+ $1 {[%mdl 512]} 40. Kg3 Neg5 41. Rxg5+ hxg5 42. Qd6+ Kh7) 39. Qxa7 Qd3 40. Qf7 Qd6+ 41. Kg1 Ne4 42. Rf1 Nd4 43. Re1 Ng5 (43... Qc5 $142 44. Kh2 Qe5+ 45. Kg1 Nc2) 44. Qa2 (44. Qe7 $142 Qg3 45. Kh1) 44... Qg3 45. Re8 $2 (45. Qb1+ Kg8 46. Qa2+ Kf8 47. Kf1) 45... Ndf3+ (45... Nxh3+ $142 46. Kh1 Nf2+ 47. Kg1 Ng4 48. Qg8+ Kg6 49. Re6+ Kh5 50. Qe8+ g6 51. Qxg6+ Kh4 52. Qxg4+ Qxg4 53. Rxh6+ Kg5) 46. Kf1 Nh2+ $1 47. Kg1 Nhf3+ $2 (47... Nxh3+ $1 $19 {has better winning chances.} 48. Kh1 Nf2+ 49. Kg1 Nhg4 50. Qg8+ Kg6 51. Qe6+ Kh5) 48. Kf1 $17 Nh2+ $2 {[%mdl 8192]} (48... Nh4 $17 49. Qc2+ Ng6) 49. Kg1 $19 {[#]} Nxh3+ $1 50. Kh1 Nf2+ 51. Kg1 {Black must now prevent Qg8+.} Nh3+ $2 (51... Nhg4 $19 52. Kf1 Qf4 53. Qg8+ Kg6 54. Qe6+ Kh5 55. Qd5+ Kh4) 52. Kh1 $11 Nf4 (52... Nf2+ $2 53. Kg1 $19) 53. Qc2+ {[#]} (53. Qb1+ $1 $15 Ng6 54. Qe1) 53... Nd3 $2 (53... Ng6 $1 $19 54. Qc4 h5) 54. Qc8 $1 {[%cal Rc8f5]} Nf4 {[%csl Gf4][%cal Rg3g2]} 55. Qf5+ Ng6 {...Ng4 is the strong threat.} 56. Qe6 {[%csl Ge8][%cal Re6g8]} h5 {( -> ...Ng4)} 57. Qxb6 $2 {[%mdl 8192]} (57. Qh3 $11 Qxh3 58. gxh3) 57... Ng4 {[%csl Gg4][%cal Rg3h2]} 58. Qb8 Qxa3 (58... Qh4+ $142 59. Kg1 Qf2+ 60. Kh1 Qf1#) 59. Qb1 Qg3 {[%csl Gg4][%cal Rg3h2] Black mates.} 60. Qb8 Qh4+ 61. Kg1 Qf2+ {Precision: White = 25%, Black = 57%.} 0-1

[Event "Texas Collegiate chT 2017"]
[Site "Brownsville"]
[Date "2017.10.21"]
[Round "1"]
[White "Ruiz Castillo, Joshua Daniel"]
[Black "Vorontsov, Pavlo"]
[Result "0-1"]
[WhiteElo "2379"]
[BlackElo "2522"]
[Annotator "TA"]
[PlyCount "126"]
[EventDate "2017.??.??"]
[EventType "team-tourn"]
[EventCountry "USA"]
[SourceTitle "playchess.com"]
[Source "ChessBase"]
[SourceQuality "1"]

{[%evp 19,126,0,0,-4,4,-13,0,0,-3,-8,-6,-4,-4,-10,-8,0,0,0,0,0,0,0,0,0,0,-15,-20,-16,0,-6,-6,-6,-6,-25,0,-62,-62,-54,-27,-79,-79,-79,-79,-79,-70,-85,-121,-77,-134,-215,-203,-206,-127,-178,-145,-143,-113,-116,-163,-254,-254,-254,-254,-254,-254,-254,-254,-310,-304,-304,-250,-250,-239,-293,-275,-324,-324,-295,-325,-405,-398,-322,-322,-304,-275,-446,-446,-446,-446,-446,0,0,0,-442,-437,-386,-378,-361,-361,-361,-361,-1218,-1139,-674,-647,-619,-611,-570,-525]} 1. e4 c6 2. d4 d5 3. Nc3 dxe4 4. Nxe4 Nf6 5. Nxf6+ exf6 6. Nf3 Bd6 7. Be2 O-O 8. O-O Re8 9. Re1 Nd7 {B15: Caro-Kann: 3 Nc3: 3...g6 and 3...dxe4 4 Nxe4 Nf6 5 Nxf6+ exf6} 10. Be3 (10. c3 Nf8 11. b4 Ng6 12. a4 Bf5 13. Be3 Nf4 14. Bxf4 Bxf4 15. Bd3 Bg4 16. Rxe8+ Qxe8 17. h3 {½-½ (47) Tazbir,M (2521)-Londyn,R (2422) Czech Republic 2017}) 10... Nf8 {LiveBook: 4 Games} 11. Qd3 Ng6 $146 {The position is equal.} ({Predecessor:} 11... Bg4 12. Nd2 Qd7 13. Bxg4 Qxg4 14. h3 Qd7 15. Ne4 Bc7 16. Nc5 Qc8 17. Bd2 Ne6 18. Nxe6 fxe6 {½-½ (58) Kevei,P (2168)-Abel,L (2284) Hungary 2004}) 12. g3 f5 {[%cal Bf6f5,Bf5f4][%mdl 32]} 13. Bf1 f4 14. Bd2 Be6 15. c4 Qd7 16. Bc3 Bf5 17. Qd2 h5 18. d5 c5 19. Rxe8+ Rxe8 20. Re1 h4 {[%cal Rf4g3]} 21. Rxe8+ Qxe8 22. Nxh4 Nxh4 23. gxh4 Qe4 (23... Qe7 {looks sharper.} 24. Bd3 Bh3 25. Qe2 Qxh4 26. f3 Kf8) 24. Qe2 f3 $36 {[%mdl 2048] Black has some pressure.} 25. Qxe4 Bxe4 $11 {[%mdl 4096] Endgame KBB-KBB} 26. Bh3 f5 27. a3 ({White should play} 27. h5 $1 $11) 27... g6 $1 $15 28. b4 b6 29. bxc5 (29. b5 $1 $11) 29... bxc5 $17 30. a4 Kf7 {[%mdl 1024] Black has strong compensation.} 31. a5 {[#]} a6 $1 32. Bf1 Bf4 33. Kh1 Ke7 34. Kg1 (34. h3 $17) 34... Bc1 $19 35. Be5 Bd2 36. Bc7 Kd7 37. Bb6 Kd6 38. Bd8 Bc2 39. Bb6 {[#]} (39. h5 $142 gxh5 40. Bb6) 39... Bd1 $1 40. Bd8 Be2 41. Bb6 Bb4 42. Bd8 Bc3 43. h5 gxh5 44. h4 Bd2 45. Bb6 Bb4 46. Bd8 Bc3 47. Bh3 Bxc4 {Threatens to win with ...Bd3.} 48. Bxf5 Bxd5 49. Bg6 Bd2 50. Bxh5 c4 {[%cal Bc5c4,Bc4c3][%mdl 32]} 51. Bg6 c3 52. Bc2 $2 (52. Bd3) 52... Ke5 53. Bc7+ Kd4 54. Bb6+ Ke5 $2 (54... Kc4 $19 {Hoping for ...Kb4.} 55. Bc7 Kb4 56. Bd6+ Kxa5) 55. Bc7+ $1 $11 Kd4 $2 {[%mdl 8192]} (55... Kf6 $11) 56. Bb6+ $19 Kc4 57. Bc7 Kb4 58. Bd6+ Kxa5 59. Kh2 Bc6 60. Kg3 $2 (60. Bc7+ Kb5 61. Kg3) 60... Ba4 {Black is clearly winning.} 61. Bc7+ Kb4 62. Bd6+ Kb5 63. Bd3+ Kb6 {Precision: White = 61%, Black = 82%.} 0-1

[Event "Texas Collegiate chT 2017"]
[Site "Brownsville"]
[Date "2017.10.21"]
[Round "1"]
[White "Heredia Serrano, Carla"]
[Black "Popilski, Gil"]
[Result "0-1"]
[WhiteElo "2116"]
[BlackElo "2499"]
[Annotator "TA"]
[PlyCount "84"]
[EventDate "2017.??.??"]
[EventType "team-tourn"]
[EventCountry "USA"]
[SourceTitle "playchess.com"]
[Source "ChessBase"]
[SourceQuality "1"]

{[%evp 18,84,54,56,78,44,52,52,50,37,65,44,56,47,91,89,85,51,103,118,152,103,244,245,253,245,243,270,270,266,261,261,250,181,279,265,475,405,406,285,271,238,202,156,188,205,222,214,252,240,250,134,187,185,198,204,203,212,230,-178,-188,-181,-168,-170,-166,-833,-829,-916,-766]} 1. e4 d5 2. exd5 Qxd5 3. Nc3 Qd6 4. d4 Nf6 5. Nf3 c6 6. g3 {B01: Scandinavian Defence} (6. Ne5 Nbd7 7. Nc4 Qc7 8. a4 Nd5 9. Bd3 g6 10. Qf3 N7f6 11. Nxd5 Nxd5 12. O-O Bg7 13. c3 O-O 14. Qg3 Qxg3 15. hxg3 {½-½ (28) Caruana,F (2808)-Carlsen,M (2857) Baku 2016}) 6... Bg4 7. Bg2 e6 8. O-O Be7 9. Bf4 Qd8 10. h3 {LiveBook: 17 Games} Bh5 11. Ne2 O-O 12. c4 Nbd7 13. Nc3 $146 a6 14. Re1 Re8 15. Qd2 Nf8 16. g4 Bg6 17. Ne5 {[%cal Bf3e5,Be5g4,Bg4h6][%mdl 32]} N8d7 (17... N6d7 $14) 18. Rad1 $16 Nb6 19. a3 Qc8 {[#]} (19... Nfd7 $16) 20. h4 $1 $18 Nxg4 21. Nxg4 Bh5 22. Qe2 {And now Nh6+! would win.} e5 23. Nh6+ $1 (23. Bxe5 Qxg4 24. Qxg4 Bxg4 $17) 23... gxh6 24. Qxh5 exf4 25. Re4 Bf6 (25... Bf8 {was called for.}) 26. Rxf4 Qe6 $2 (26... Bg7 27. c5 (27. Rxf7 Nxc4 28. Nd5 Qd8 $16) (27. Qxf7+ Kh8 $14) 27... Qc7) 27. d5 cxd5 28. cxd5 Qd6 29. Qxh6 {Black must now prevent Rg4+.} Be5 30. Rg4+ Kh8 31. Qh5 Bxc3 32. bxc3 {Be4 is the strong threat.} Re7 33. Be4 {[%csl Ge4][%cal Rh5h7]} f6 34. Qf5 ({White should play} 34. Bf5 $18) 34... Rae8 (34... Nc4 $16 35. a4 Rc7) 35. Rd4 $40 {[%mdl 128] White is out for blood.} Nd7 36. a4 Ne5 37. Rg3 Ng6 38. Rg4 $4 {[%mdl 8192]} (38. h5 $18 {and all is fine.} Nf4 39. Bf3 Re1+ 40. Kh2) 38... Re5 $19 39. Qf3 {[#]} f5 $1 {[%cal Rf5g4][%mdl 512]} 40. Bxf5 Rf8 41. Rdf4 $2 (41. Rg5 Ne7 42. c4 Nxf5 43. Qc3 Re1+ 44. Qxe1 Nxd4 45. Kf1) 41... Nxf4 42. Rxf4 Qf6 {Precision: White = 61%, Black = 50%.} 0-1

[Event "Texas Collegiate chT 2017"]
[Site "Brownsville"]
[Date "2017.10.21"]
[Round "2"]
[White "Kovalyov, Anton"]
[Black "Vazquez, Guillermo"]
[Result "1-0"]
[WhiteElo "2663"]
[BlackElo "2430"]
[Annotator "TA"]
[PlyCount "111"]
[EventDate "2017.??.??"]
[EventType "team-tourn"]
[EventCountry "USA"]
[SourceTitle "playchess.com"]
[Source "ChessBase"]
[SourceQuality "1"]

{[%evp 15,111,30,18,0,12,0,24,7,34,32,44,47,59,21,40,30,37,20,25,7,20,0,6,6,14,3,22,27,19,22,22,35,133,134,134,141,133,141,141,144,144,148,147,127,150,142,170,170,170,163,170,170,170,170,215,204,204,200,212,0,208,201,202,180,225,179,193,156,242,218,237,217,1131,1092,1022,812,910,564,541,515,441,422,985,909,762,741,643,579,478,306,774,785,770,761,685,716,462,299]} 1. c4 c5 2. Nf3 Nf6 3. g3 g6 4. Bg2 Bg7 5. d4 O-O 6. O-O cxd4 7. Nxd4 d5 8. cxd5 Nxd5 9. Nb3 {D73: Fianchetto Grünfeld: 5 Nf3} Nb4 {Black wants to play ...Qxd1.} 10. Bd2 N8c6 11. Nc3 {White has an edge.} Ne5 12. Na4 $146 ({Predecessor:} 12. Ne4 Nd5 13. Rc1 Nc6 14. Nc3 Nb6 15. Bf4 e5 16. Qxd8 Rxd8 {1-0 (37) Koneru,H (2614)-Krush,I (2455) Caleta 2010}) 12... Nbc6 13. Rc1 Rb8 14. Bf4 Bg4 15. Nc3 (15. Bxc6 {looks sharper.} bxc6 16. f3 Be6 17. Qc2 Rb5 18. Rfd1) 15... Qxd1 16. Rfxd1 Rbd8 17. h3 Bc8 18. Nd2 Nd4 19. Bxe5 Bxe5 20. Nc4 Bf6 21. e3 Nc6 22. Nd5 $36 {[%mdl 2048] White has the initiative.} Bg7 23. Na5 Nxa5 ({Black should play} 23... Rd7 $14 24. Nxb7 (24. Nxc6 bxc6 25. Rxc6 Bxb2 $14) 24... Nd4) 24. Nxe7+ $16 Kh8 {[#] aiming for ...Be6.} 25. Rxd8 Rxd8 26. Rxc8 Rxc8 27. Nxc8 Bxb2 28. Nxa7 {[%mdl 4096] Endgame KBN-KBN} Kg7 29. Bd5 Ba3 30. Kf1 f5 31. Nb5 Bc5 32. Ke2 Kf6 33. f4 h6 34. Nd4 g5 35. a4 b6 36. Kd3 Bb4 37. Ke2 Bc5 38. Nf3 Bd6 39. Kf2 Bc7 40. Kf1 Bd6 41. Ke2 Bc7 (41... Bb4 $16 42. Kd3 Bc5) 42. h4 $18 {[%cal Bh3h4,Bh4h5][%mdl 32]} gxf4 43. gxf4 ({Much less strong is} 43. exf4 Bd6) 43... Bd6 $2 {[#]} (43... h5 44. Nd4 Bd6) 44. h5 Bb8 45. Kd3 Bd6 46. Kc3 Bc5 47. Kd2 Bb4+ 48. Ke2 Bc3 (48... Ke7 $142 49. Ne5 Kf6) 49. Kd3 Bb2 50. Kc2 Ba3 51. Ne5 Ke7 52. Nf7 Nb7 $2 (52... Kf6 53. Nxh6 Bf8) 53. Nxh6 {White is clearly winning.} Nd6 54. Ng8+ Kf8 55. h6 Ne8 56. Bc6 {Precision: White = 72%, Black = 30%.} 1-0

[Event "Texas Collegiate chT 2017"]
[Site "Brownsville"]
[Date "2017.10.21"]
[Round "2"]
[White "Stukopin, Andrey"]
[Black "Matsenko, Sergei"]
[Result "1/2-1/2"]
[WhiteElo "2592"]
[BlackElo "2542"]
[Annotator "TA"]
[PlyCount "159"]
[EventDate "2017.??.??"]
[EventType "team-tourn"]
[EventCountry "USA"]
[SourceTitle "playchess.com"]
[Source "ChessBase"]
[SourceQuality "1"]

{[%evp 19,159,25,16,20,30,20,31,29,28,29,33,35,35,32,37,21,32,33,29,20,25,27,16,27,27,-22,0,0,112,105,83,52,52,52,88,77,87,81,78,0,0,0,0,0,0,0,0,0,0,-23,-13,-56,-55,-58,-59,-161,0,0,14,14,14,14,15,0,0,0,0,0,0,0,0,-34,0,0,0,0,0,0,0,0,0,0,0,0,0,0,0,-2,0,0,0,0,0,0,0,0,10,0,18,29,37,13,20,0,0,0,0,0,0,0,46,0,0,0,0,0,0,0,0,0,0,0,0,0,0,0,43,31,44,0,0,0,0,0,0,0,0,0,0,0,0,0]} 1. e4 e6 2. d4 d5 3. Nc3 Bb4 4. e5 Ne7 5. a3 Bxc3+ 6. bxc3 b6 7. Qg4 Ng6 8. h4 h5 9. Qg3 Ba6 10. Bxa6 Nxa6 11. Ne2 {[%cal Bg1e2,Be2f4,Bf4h3,Bh3g5,Bg5h7,Bh7f6][%mdl 32] C16: French: 3 Nc3 Bb4 4 e5: Lines without ...c5} Qd7 12. a4 Nb8 (12... c5 13. O-O Rc8 14. Qd3 Nb8 15. Bg5 Nc6 16. Ng3 Nge7 17. Rfd1 cxd4 18. cxd4 Nf5 19. Nxf5 exf5 {1-0 (68) Hou,Y (2635)-Kramnik,V (2810) Medias 2016}) 13. Bg5 {White is slightly better.} Nc6 14. Qf3 Nge7 $1 15. Nf4 g6 16. Bf6 Rg8 17. Nh3 Na5 18. Ng5 Nf5 {[#]} 19. Nh7 $146 Qc6 20. Bg5 Rh8 21. Nf6+ Kf8 22. Qd3 Qc4 23. f3 c5 (23... Ne7 $11 {remains equal.}) 24. g4 $16 {Hoping for Qxc4.} Ne7 25. Qxc4 (25. dxc5 {keeps more tension.} bxc5 26. Kf2 Ng8 27. Nxg8 Rxg8 28. gxh5 Qxd3 29. cxd3 gxh5 30. Rab1) 25... Nxc4 26. a5 $1 Nxa5 27. dxc5 $1 Nec6 28. cxb6 axb6 29. Nd7+ ({Better is} 29. f4 $16) 29... Ke8 $1 $11 {[%cal Re8d7]} 30. Nxb6 Rb8 $36 {[%mdl 2048] Black has some pressure.} 31. Be3 Kd8 $1 32. Ke2 Kc7 33. Na4 Nc4 34. Bd4 Ra8 35. gxh5 Rxh5 36. f4 Rf5 37. Be3 {[#]} (37. Kf3 $15) 37... Nxe3 $2 (37... N6xe5 $1 $19 {[%mdl 512]} 38. Nb2 (38. fxe5 Rxe5) 38... Rxa1 39. Rxa1 Nxb2 40. fxe5 Rxe5 41. Ra7+ Kc6 42. Ra6+ Kd7 43. Ra7+ Ke8) 38. Kxe3 Na5 39. Nb2 Rb8 $1 40. Nd3 Nc4+ 41. Kd4 Kd7 42. Rhg1 Nd2 {aiming for ...Nf3+.} 43. Rg4 (43. Ra7+ {seems wilder.} Ke8 44. Ke3 Nc4+ 45. Ke2 Rh5 46. Rga1) 43... Rc8 44. Ra4 Ke8 45. Ne1 Kf8 (45... Ne4 $5 {[%cal Re4f2]} 46. c4 Nf2 $15) 46. Rb4 Ne4 47. c4 $1 Nf2 48. Rg3 $1 Rxf4+ 49. Ke3 Rf5 50. cxd5 exd5 51. Rf3 Rxf3+ 52. Kxf3 {[%mdl 4096] Endgame KRN-KRN} Ne4 53. Rd4 Nc3 54. Nd3 Re8 55. Ke3 Kg7 56. Rb4 Rc8 57. Nf4 Kg8 58. Kd3 Rc5 59. Rb8+ Kh7 $1 60. Rb7 Kg8 61. e6 fxe6 62. Nxe6 Rc4 63. Rg7+ Kh8 64. Rxg6 Ne4 65. h5 Nf2+ 66. Kd2 Ne4+ 67. Kc1 Rc6 68. Kd1 Nf2+ 69. Kd2 Ne4+ 70. Kc1 Rb6 71. Kd1 Rc6 72. Nf4 Rc5 73. Nd3 Rc7 74. Nf4 Rf7 {The position is equal.} 75. Rh6+ Kg7 76. Rg6+ Kh7 77. Nxd5 {Strongly threatening Ne3.} Rd7 78. c4 {Threatens to win with Ke2.} Nc3+ $1 79. Kc2 {Intending Nf6+ and mate.} Nxd5 80. cxd5 {Precision: White = 68%, Black = 67%.} 1/2-1/2

[Event "Texas Collegiate chT 2017"]
[Site "Brownsville"]
[Date "2017.10.21"]
[Round "2"]
[White "Baryshpolets, Andrey"]
[Black "Dragun, Kamil"]
[Result "1/2-1/2"]
[WhiteElo "2580"]
[BlackElo "2612"]
[Annotator "TA"]
[PlyCount "80"]
[EventDate "2017.??.??"]
[EventType "team-tourn"]
[EventCountry "USA"]
[SourceTitle "playchess.com"]
[Source "ChessBase"]
[SourceQuality "1"]

{[%evp 13,80,27,32,29,51,44,39,36,36,28,33,16,27,18,19,18,23,8,13,11,34,28,25,30,42,23,42,16,33,26,21,16,45,16,37,30,37,8,8,6,6,8,32,12,15,20,70,57,75,72,84,-16,-17,-16,-13,-16,-18,-19,-20,-28,-21,-43,-22,-22,0,0,0,0,0]} 1. d4 Nf6 2. c4 e6 3. Nf3 d5 4. g3 dxc4 5. Bg2 Nc6 6. Qa4 Bb4+ 7. Bd2 Bd6 8. Na3 {E04: Open Catalan: 5 Nf3} (8. Bc3 O-O 9. Nbd2 Bd7 10. Qxc4 b5 11. Qxb5 Nb4 12. Qxb4 Bxb4 13. Bxb4 Re8 14. Bc5 Rb8 15. b3 a6 {0-1 (37) Eljanov,P (2765)-Harikrishna,P (2763) Stavanger 2016}) 8... O-O 9. Nxc4 Ne4 10. O-O {White is slightly better.} Nxd2 11. Ncxd2 e5 12. dxe5 $146 Nxe5 13. Ne4 Nxf3+ 14. exf3 Bf5 15. Rad1 Bxe4 16. Qxe4 Rb8 17. Qd4 a5 18. f4 Re8 19. Rd3 Re7 20. Bf3 Qf8 21. Qa4 b6 22. Kg2 g6 23. Qc2 Rbe8 24. Qc1 Qg7 25. Bc6 Rf8 26. Qc2 Qf6 27. h4 h5 28. Rf3 Bc5 29. Bb5 Kg7 30. Rd1 Re6 31. f5 Re5 {[%cal Rg6f5]} 32. fxg6 (32. Bd3 $16) 32... Qxf3+ $1 $11 33. Kxf3 fxg6+ 34. Kg2 Rxf2+ 35. Qxf2 Bxf2 {KRB-KRB} 36. Rd7+ Kh6 37. Bd3 Bc5 38. Rxc7 {The position is equal.} Re3 39. Rd7 Re7 40. Rxe7 Bxe7 {Precision: White = 53%, Black = 49%.} 1/2-1/2

[Event "Texas Collegiate chT 2017"]
[Site "Brownsville"]
[Date "2017.10.21"]
[Round "2"]
[White "Vorontsov, Pavlo"]
[Black "Belous, Vladimir"]
[Result "1-0"]
[WhiteElo "2522"]
[BlackElo "2564"]
[Annotator "TA"]
[PlyCount "113"]
[EventDate "2017.??.??"]
[EventType "team-tourn"]
[EventCountry "USA"]
[SourceTitle "playchess.com"]
[Source "ChessBase"]
[SourceQuality "1"]

{[%evp 21,113,73,74,83,115,118,126,122,123,19,99,100,107,102,108,100,108,79,81,75,81,69,103,101,106,108,111,101,100,86,95,92,93,89,84,81,198,97,128,123,164,155,189,170,175,169,142,151,223,222,205,212,226,222,268,266,281,223,265,265,255,257,277,285,381,326,314,298,345,327,342,339,434,433,510,541,542,534,779,751,699,631,891,689,810,793,818,806,780,785,756,687,1727,633]} 1. d4 Nf6 2. c4 g6 3. Nc3 Bg7 4. e4 d6 5. Nf3 O-O 6. Be2 e5 7. Be3 Ng4 8. Bg5 f6 9. Bc1 Nc6 10. d5 Ne7 11. h3 {[%cal Bh2h3,Bh3h4,Bh4h5][%mdl 32]} Nh6 12. h4 {E92: King's Indian: Classical: 6 Be2 e5: 7 dxe5, 7 Be3 and Petrosian System without 7...Nbd7} Bd7 $146 ({Predecessor:} 12... Nf7 13. h5 c6 14. g3 cxd5 15. cxd5 a6 16. hxg6 hxg6 17. a4 Bd7 18. a5 b5 19. axb6 Qxb6 {1-0 (43) Neuman,P (2457)-Vokac,M (2416) Olomouc 2017}) 13. h5 {[#] Black must now prevent hxg6.} g5 14. Nh2 {White is better.} c6 15. Ng4 ({Better is} 15. O-O $16) 15... cxd5 (15... Bxg4 $11 {remains equal.} 16. Bxg4 Nxg4 17. Qxg4 h6) 16. Nxd5 $16 Be6 17. O-O Kh8 18. Nxh6 Bxh6 19. Nxe7 Qxe7 20. b3 f5 21. exf5 Bxf5 22. Bg4 Be4 23. Qe2 Bc6 24. Be3 Bg7 25. Rad1 h6 26. Rd2 b6 27. Rfd1 Rad8 28. b4 {[%cal Bb3b4,Bb4b5][%mdl 32]} Qb7 (28... e4 $16) 29. Bh3 (29. Rxd6 $18 {has better winning chances.} Rxd6 30. Rxd6) 29... Qe7 30. b5 $36 {[%mdl 2048] White is in control.} Ba8 {[#]} 31. a4 $1 Rf6 32. a5 Qc7 33. axb6 axb6 34. Rc2 {[%cal Bd2c2,Bc2c1,Bc1d1][%mdl 32]} Rg8 (34... Bb7 $16 {keeps fighting.} 35. Ra1 Rdf8) 35. Ra1 $18 Bb7 36. Ra7 Rb8 37. Rc1 Qd8 38. Rd1 Rf7 {intending ...Bf3.} 39. Ra2 Rf6 40. Bg4 Bf8 41. Ra7 Bg7 42. Qd3 Qc7 43. Bf5 Qf7 44. Bg6 (44. Bxb6 Rxf5 45. Qxd6 Rf8 $11) 44... Qe6 45. Be4 ({Not} 45. Bxb6 Bxg2 46. Kxg2 Rxb6 $18) 45... Bxe4 46. Qxe4 g4 47. Rda1 {White is clearly winning.} g3 48. fxg3 {[%cal Bf2g3,Bg3g4][%mdl 32]} Rbf8 49. Ra8 Qf7 50. Rxf8+ Bxf8 51. g4 Be7 52. Kh2 Qe6 53. Ra8+ Kg7 54. g5 hxg5 55. Bxg5 Rf8 56. Ra7 Re8 57. Qg6+ {Precision: White = 74%, Black = 27%.} (57. Qh4 $142 Qf5 58. Bxe7 Qf4+ 59. Qxf4 exf4 60. Bxd6+ Kf6 61. h6) 1-0

[Event "Texas Collegiate chT 2017"]
[Site "Brownsville"]
[Date "2017.10.21"]
[Round "2"]
[White "Kadric, Denis"]
[Black "Ruiz Castillo, Joshua Daniel"]
[Result "0-1"]
[WhiteElo "2500"]
[BlackElo "2379"]
[Annotator "TA"]
[PlyCount "58"]
[EventDate "2017.??.??"]
[EventType "team-tourn"]
[EventCountry "USA"]
[SourceTitle "playchess.com"]
[Source "ChessBase"]
[SourceQuality "1"]

{[%evp 10,58,24,13,22,14,21,0,6,-6,-14,-37,-56,-43,-71,-68,-63,-75,-67,-82,-74,-85,-88,-72,-84,-138,-129,-279,-277,-279,-269,-281,-281,-334,-335,-362,-355,-422,-431,-425,-427,-383,-420,-405,-393,-464,-464,-29987,-29988,-29993,-29994]} 1. e4 c5 2. Nf3 d6 3. d4 cxd4 4. Nxd4 Nf6 5. Nc3 a6 6. Nb3 g6 {B90: Sicilian Najdorf: Unusual White 6th moves, 6 Be3 Ng4 and 6 Be3 e5} (6... e6 7. g4 b5 8. Bg2 Bb7 9. g5 Nfd7 10. O-O Be7 11. f4 O-O 12. Qg4 Re8 13. Be3 Nc6 14. Rad1 {1-0 (51) Demchenko,A (2645)-Areshchenko,A (2652) Tbilisi 2017}) 7. Be2 Bg7 8. Be3 Nbd7 {The position is equal.} 9. g4 h5 10. gxh5 $146 ({Predecessor:} 10. g5 Ng4 11. Bf4 Nge5 12. a4 Nb6 13. Bc1 a5 14. Nd5 Nxd5 15. Qxd5 {½-½ (39) Fiszer,B (2009)-Klimkowski,J (1761) Mamaia 2017}) 10... Nxh5 11. Qd2 b5 12. O-O-O Bb7 13. Nd5 Rc8 14. f3 Bxd5 15. exd5 Nb6 16. Kb1 Nf6 {[%cal Bh5f6,Bf6e4,Be4f2][%mdl 32]} 17. Bxb6 ({Better is} 17. Bd4) 17... Qxb6 $17 18. f4 (18. Rdf1 $17) 18... Ne4 $19 19. Qe1 Nf2 20. Qg1 Rb8 21. f5 Nxh1 22. Qxh1 Qf2 23. Bg4 gxf5 24. Rd2 Qf4 25. Bf3 Rh3 26. Rf2 Qe5 {[%csl Gg7][%cal Re5b2] [#]} 27. c3 b4 {[%cal Bb5b4,Bb4c3,Bc3c2][%mdl 32]} 28. Nd4 (28. c4 $19) 28... bxc3 29. Nc6 {[#]} c2+ $1 {Precision: White = 22%, Black = 92%.} 0-1